1494 1779 1788 1822 1998 1564 1481 1346 1384 1660 1893 1992 1421 1084 1101 1861 1512 1794 1974 1222 1437 1221 1840 1437 1103 1295 1066 1761 1242 1642 1817 1938 1142 1628 1347 1088 1635 1704 1877 1699 1236 1976 1281 1790 1582 1867 1935 1728 1536 1193 1204 1668 1591 1314 1512 1447 1006 1050 1159 1811 1272 1140 1481 1284 1222 1901 1759 1265 1941 1818 1592 1201 1688 1886 1092 1589 1373 1572 1598 1871 1333 1247 1340 1442 1092 1734 1524 1282 1187 1058 1864 1645 1377 1090 1071 1795 1734 1496 1555 BCNSPRNW ULIB Ver.6.0+V

เปลี่ยนเป็นภาษาไทย

Change to English
 แสดงรายละเอียดบรรณานุกรม
  กลับหน้าหลัก

Brief Record : Get Marc (ISO 2709) : E-mail record : QR code < ปิดหน้าต่าง
LEADER : 00000nam 2200000uu 4500
001    13399122348
003     ULIB
008    130220s2550||||th 000 0 tha d
099    วจ.WY85^bอ833ก
100 0  อุบลรัตน์ โพธิ์พัฒนชัย, เพ็ญศรี ทองเพชร และวีรวรรณ เกิดทอง
245 00 การพัฒนาพฤติกรรมจริยธรรมของนักศึกษาพยาบาล วิทยาลัยพยาบาลบรมราชชนนี สุราษฎร์ธานี^c โดยอุบลรัตน์ โพธิ์พัฒนชัย, เพ็ญศรี ทองเพชร และวีรวรรณ เกิดทอง
260    สุราษฎร์ธานี:^b วิทยาลัยพยาบาลบรมราชชนนี สุราษฎร์ธานี,^c2550
300    117 หน้า
650  0 จริยธรรมวิชาชีพพยาบาล^xวิจัย
700 0  เพ็ญศรี ทองเพชร
700 0  วีรวรรณ เกิดทอง
945    ^p0^l0^i033597
999    ^aเกษร โพธิ์สุวรรณ
รายการนี้ยังไม่มีแท็ก
คุณยังไม่ได้ล็อกอิน คุณสามารถมีกิจกรรมร่วมกับเว็บไซต์ได้ แต่ต้องล็อกอินก่อน ::
  ล็อกอิน

รายการสื่อสารสนเทศ

ลำดับที่ ประเภท เลขเรียก/บาร์โค้ด สถานที่ สถานะ
1. งานวิจัย
งานวิจัย
วจ.WY85 อ833ก  
  Barcode: 033597
ห้องสมุดวิทยาเขตสวรรค์ประชารักษ์
►วิจัย
บนชั้น

BibComment


ยังไม่เคยถูกคอมเมนท์

คอมเมนท์ทรัพยากรรายการนี้
  คอมเมนท์: การพัฒนาพฤติกรรมจ..


 Copyright 2026. Bcnsprnw @Library